000 00781nam a2200229Ia 4500
005 20230428095352.0
008 210716s2011 xx 000 0 und d
020 _a9788126531080
040 _cAIMIT LIBRARY
041 _aeng
082 _a004.69
_21
_bDOVD
100 _aDover, Danny.
_994520
245 _aSearch engine optimization secrets:
_bdo what you never thought possible with SEO /
_cBy Danny Dover.
250 _a1st ed.
260 _aNew Delhi :
_bWiley India Pvt Ltd ,
_c2011.
300 _axix,435p. ;
_bPB
_c23 cm.
650 _aUnderstanding search engine optimization
_994521
650 _aPicking the right SEO
_994522
650 _aOptimizing for alternative search engine
_994523
700 _aDover, Danny.
_994520
942 _2ddc
_cBK
_e1st
_k004.69 DOVD
999 _c191629
_d191629